000
00298nam a22001337a 4500
008
170601b xxu||||| |||| 00| 0 eng d
020
_a
39431638-X
041
_a
eng
080
_2
4TH
_a
94(4)
100
_a
17
101
_a
SHH
245
_a
TWENTIETH CENTURY EUROPE
_c
BLACK,C.E
942
_2
udc
_c
BK
999
_c
15200
_d
15200